000 00496nam a22001817a 4500
003 KOHA_MİRAKIL
005 20251219103619.0
008 251219b tu ||||| |||| 00| 0 tur d
020 _a9786257845748
040 _aTR-AnABB
_btur
_cTR-AnABB
041 _atur
082 _a355.033
_bGUV 2020
245 1 0 _aGüvenlik çalışmaları 1/
260 _aİstanbul :
_bArel Üniversitesi Yayınları,
300 _a541 sayfa ;
_c27 cm
650 0 4 _aUluslarası İlişkiler
942 _2ddc
_cBK
999 _c9794
_d9794
900 _bGizem YORULMAZ